000 00570cam a2200205 04500
001 46047
090 _a46047
100 _a19880330d1988 m y0pory5003 ba
101 1 _apor
102 _aPT
200 1 _aOs sete minutos
_fIrving Wallace
_gtrad. Milton Persson
210 9 _aLisboa
_cLivros do Brasil,
_d1988
215 _a670, [1] p.
_d21 cm
225 2 _aDois mundos
_v168
304 _aTít. orig. : The seven minutes
675 _a821.111(73)-31"19"
_vBN
_zpor
700 1 _aWallace,
_bIrving,
_f1916-1990
702 1 _aPersson,
_bMilton
_4730
801 0 _aPT
_bBN
_gRPC
990 _cLIVROS